[Event "4NCL Division 1d"]
[Site "Hinckley Island ENG"]
[Date "2015.05.04"]
[Round "11.151"]
[White "Aagaard, Jacob"]
[Black "Wallace, John-Paul"]
[Result "1-0"]
[WhiteElo "2525"]
[BlackElo "2388"]
[PlyCount "75"]
[EventDate "2015.05.04"]
[WhiteTeam "Wood Green HK"]
[BlackTeam "Cambridge University 1"]

1. d4 Nf6 2. c4 g6 3. Nc3 Bg7 4. Nf3 d6 5. Bg5 h6 6. Bh4 g5 7. Bg3 Nh5 8. e3
Nd7 9. Be2 e6 10. Qc2 a6 11. Nd2 Nxg3 12. hxg3 Rb8 13. O-O h5 14. f4 g4 15. Kf2
c5 16. dxc5 f5 17. cxd6 h4 18. Bd3 hxg3+ 19. Ke2 Rh2 20. Rg1 b6 21. Rae1 Bb7
22. e4 Nc5 23. b4 Nxd3 24. Qxd3 Qf6 25. e5 Qh4 26. Kd1 Rxg2 27. Rxg2 Bxg2 28.
Ne2 Bh6 29. Nd4 Bf3+ 30. N2xf3 gxf3 31. Qxf3 Kf7 32. Nxe6 Qh2 33. d7 Qf2 34.
Qd5 Kg6 35. d8=Q Rxd8 36. Nxd8 Kh5 37. Qf7+ Kh4 38. Qf6+ 1-0

[Event "4NCL Division 1d"]
[Site "Hinckley Island ENG"]
[Date "2015.05.04"]
[Round "11.152"]
[White "Bisby, Daniel L"]
[Black "Speelman, Jon S"]
[Result "0-1"]
[WhiteElo "2355"]
[BlackElo "2512"]
[PlyCount "76"]
[EventDate "2015.05.04"]
[WhiteTeam "Cambridge University 1"]
[BlackTeam "Wood Green HK"]

1. e4 c6 2. d4 d5 3. Nd2 dxe4 4. Nxe4 Nd7 5. Ng5 Nb6 6. N1f3 g6 7. h4 Bg7 8. h5
Nh6 9. Bd3 Bg4 10. Be3 Nd5 11. Qd2 Nxe3 12. fxe3 Bxh5 13. O-O-O Bxf3 14. Nxf3
Ng4 15. Kb1 h5 16. Bc4 Bh6 17. Rde1 e6 18. Rhf1 O-O 19. Qd3 Bg7 20. e4 Qe7 21.
e5 Rad8 22. Qe4 Rd7 23. Re2 Rfd8 24. Rd1 b5 25. Bd3 Rd5 26. c4 bxc4 27. Bxc4
R5d7 28. Qxc6 Rc7 29. Qa4 Bh6 30. Rde1 Rdc8 31. b3 Rd8 32. d5 exd5 33. Bd3 Rdc8
34. Ba6 Rc1+ 35. Rxc1 Rxc1+ 36. Kb2 Qc5 37. Qd4 Rb1+ 38. Kxb1 Qc1# 0-1

[Event "4NCL Division 1d"]
[Site "Hinckley Island ENG"]
[Date "2015.05.04"]
[Round "11.153"]
[White "Shaw, John"]
[Black "Chevannes, Sabrina L"]
[Result "1-0"]
[WhiteElo "2435"]
[BlackElo "2192"]
[PlyCount "71"]
[EventDate "2015.05.04"]
[WhiteTeam "Wood Green HK"]
[BlackTeam "Cambridge University 1"]

1. e4 c6 2. d4 d5 3. e5 g6 4. c4 Bg7 5. Nc3 dxc4 6. Bxc4 Nh6 7. Bf4 O-O 8. Qd2
Nf5 9. Nf3 e6 10. Ne4 c5 11. dxc5 Qxd2+ 12. Bxd2 Nc6 13. Bc3 b6 14. O-O Bb7 15.
cxb6 axb6 16. Nf6+ Bxf6 17. exf6 Nd6 18. Bd3 Ba6 19. Bxa6 Rxa6 20. a3 Ne4 21.
Rac1 b5 22. Rfe1 Nxc3 23. Rxc3 b4 24. Rc4 bxa3 25. bxa3 e5 26. Kf1 h6 27. Rec1
Nd4 28. Nxe5 Nb3 29. Rd1 Rxa3 30. Rc7 Ra2 31. Nxf7 Nd2+ 32. Rxd2 Rxd2 33. Nxh6+
Kh8 34. Ng4 Ra8 35. g3 Rd4 36. Ne5 1-0

[Event "4NCL Division 1d"]
[Site "Hinckley Island ENG"]
[Date "2015.05.04"]
[Round "11.154"]
[White "McClement, Andrew"]
[Black "Greet, Andrew N"]
[Result "0-1"]
[WhiteElo "2179"]
[BlackElo "2453"]
[PlyCount "50"]
[EventDate "2015.05.04"]
[WhiteTeam "Cambridge University 1"]
[BlackTeam "Wood Green HK"]

1. Nf3 d5 2. c4 d4 3. e3 Nc6 4. d3 Nh6 5. Nbd2 dxe3 6. fxe3 e5 7. Be2 Nf5 8.
Ne4 Nd6 9. Nc3 g6 10. O-O Bg7 11. Rb1 O-O 12. b4 e4 13. Nxe4 Nxe4 14. dxe4 Qe7
15. b5 Ne5 16. Qb3 Re8 17. Ba3 Nxf3+ 18. gxf3 Qh4 19. Rf2 Re5 20. Bf1 Rg5+ 21.
Rg2 Bh3 22. Rxg5 Qxg5+ 23. Kh1 Bxf1 24. Rxf1 h5 25. Bc1 h4 0-1

[Event "4NCL Division 1d"]
[Site "Hinckley Island ENG"]
[Date "2015.05.04"]
[Round "11.155"]
[White "Pert, Richard G"]
[Black "Churm, Rohan M"]
[Result "1-0"]
[WhiteElo "2443"]
[BlackElo "2162"]
[PlyCount "61"]
[EventDate "2015.05.04"]
[WhiteTeam "Wood Green HK"]
[BlackTeam "Cambridge University 1"]

1. e4 e6 2. d4 d5 3. Nd2 c5 4. Ngf3 Nc6 5. exd5 exd5 6. Bb5 Nf6 7. O-O Be7 8.
dxc5 O-O 9. Nb3 Bg4 10. h3 Bxf3 11. Qxf3 Rc8 12. Bf4 Na5 13. Rfd1 Nxb3 14. axb3
Rxc5 15. Bd3 a6 16. Be5 g6 17. Re1 Rc6 18. Rad1 Qb6 19. Re2 Bc5 20. Rde1 Bd4
21. Qf4 Bxe5 22. Rxe5 Re6 23. R1e2 Qd6 24. Qd4 Rxe5 25. Rxe5 Rd8 26. b4 Ne8 27.
c3 Nc7 28. Re1 Ne6 29. Qf6 Qf4 30. Rxe6 Qc1+ 31. Bf1 1-0

[Event "4NCL Division 1d"]
[Site "Hinckley Island ENG"]
[Date "2015.05.04"]
[Round "11.156"]
[White "Spencer, Carl J"]
[Black "Houska, Jovanka"]
[Result "0-1"]
[WhiteElo "2169"]
[BlackElo "2379"]
[PlyCount "78"]
[EventDate "2015.05.04"]
[WhiteTeam "Cambridge University 1"]
[BlackTeam "Wood Green HK"]

1. e4 c6 2. d4 d5 3. e5 Bf5 4. Nf3 e6 5. Be2 Nd7 6. O-O Bg6 7. a4 Nh6 8. a5 a6
9. Bg5 Be7 10. Bxe7 Qxe7 11. Qd2 O-O 12. c4 Nf5 13. Nc3 dxc4 14. Bxc4 Bh5 15.
Be2 Rfd8 16. Qf4 Bxf3 17. Bxf3 Nf8 18. Ra4 Ng6 19. Qe4 Rd7 20. Bg4 Rad8 21. Rd1
Qg5 22. g3 h5 23. Bh3 Nge7 24. Bg2 c5 25. Qe1 Nxd4 26. f4 Qg4 27. Raa1 Nc2 28.
Rxd7 Rxd7 29. h3 Nxe1 30. hxg4 Nxg2 31. Kxg2 hxg4 32. Ne4 Rd4 33. Re1 Nc6 34.
Re2 c4 35. Nd6 Nxa5 36. f5 b5 37. fxe6 fxe6 38. Rf2 Nc6 39. Nc8 Rd8 0-1

[Event "4NCL Division 1d"]
[Site "Hinckley Island ENG"]
[Date "2015.05.04"]
[Round "11.157"]
[White "Hagesaether, Arne"]
[Black "Robertson, Stuart"]
[Result "1-0"]
[WhiteElo "2055"]
[BlackElo "2094"]
[PlyCount "67"]
[EventDate "2015.05.04"]
[WhiteTeam "Wood Green HK"]
[BlackTeam "Cambridge University 1"]

1. e4 c5 2. Nf3 Nc6 3. Bb5 d6 4. Bxc6+ bxc6 5. O-O Bg4 6. h3 Bh5 7. e5 d5 8. e6
fxe6 9. Re1 Bxf3 10. Qxf3 Nf6 11. Rxe6 Qd7 12. Re2 e6 13. d3 Bd6 14. Bf4 O-O
15. Bxd6 Qxd6 16. Nd2 Nd7 17. Qe3 Rae8 18. Rae1 e5 19. Qg3 Rf6 20. Nf3 Rg6 21.
Qh2 Rge6 22. b3 Qe7 23. a4 Qf6 24. Nd2 Rf8 25. Nf3 Rfe8 26. Qg3 h6 27. Nh2 Qf5
28. Ng4 a6 29. f4 h5 30. Nxe5 g5 31. Qf2 gxf4 32. Nxc6 f3 33. Rxe6 Rxe6 34.
Ne7+ 1-0

[Event "4NCL Division 1d"]
[Site "Hinckley Island ENG"]
[Date "2015.05.04"]
[Round "11.158"]
[White "Pickard, Charles"]
[Black "Hegarty, Sarah N"]
[Result "1-0"]
[WhiteElo "2122"]
[BlackElo "2080"]
[PlyCount "83"]
[EventDate "2015.05.04"]
[WhiteTeam "Cambridge University 1"]
[BlackTeam "Wood Green HK"]

1. Nf3 Nf6 2. c4 e6 3. Nc3 d5 4. e3 Be7 5. d4 O-O 6. a3 b6 7. Bd3 dxc4 8. Bxc4
Bb7 9. O-O Nbd7 10. Qe2 Ne4 11. Nxe4 Bxe4 12. Rd1 Bd6 13. Nd2 Bb7 14. d5 Qh4
15. g3 Qh3 16. b4 a5 17. b5 e5 18. Nf3 Qg4 19. e4 Nc5 20. Re1 f5 21. Nd2 Qh3
22. exf5 Rxf5 23. f3 Raf8 24. Qg2 Qxg2+ 25. Kxg2 a4 26. Bb2 e4 27. Nxe4 Nxe4
28. Rxe4 Rxf3 29. Bd4 Rxa3 30. Rxa3 Bxa3 31. Be5 Bd6 32. Bxd6 cxd6 33. Ba2 Rf5
34. g4 Re5 35. Rxe5 dxe5 36. Kf3 Kf7 37. Ke4 Kf6 38. g5+ Kxg5 39. Kxe5 a3 40.
Kd6 Kf6 41. Kc7 Ba8 42. d6 1-0

[Event "4NCL Division 1d"]
[Site "Hinckley Island ENG"]
[Date "2015.05.04"]
[Round "11.161"]
[White "Cobb, James"]
[Black "Rogers, Jonathan"]
[Result "1/2-1/2"]
[WhiteElo "2434"]
[BlackElo "2284"]
[PlyCount "86"]
[EventDate "2015.05.04"]
[WhiteTeam "South Wales Dragons"]
[BlackTeam "Barbican 4NCL 2"]

1. Nf3 Nf6 2. d4 e6 3. c4 d5 4. Nc3 Bb4 5. e3 O-O 6. Bd3 c5 7. O-O cxd4 8. exd4
dxc4 9. Bxc4 Nc6 10. Bg5 Be7 11. Qd2 Qb6 12. Rad1 Rd8 13. Rfe1 Bd7 14. Qe2 Be8
15. d5 Na5 16. Bd3 h6 17. Bxf6 Bxf6 18. Qe4 g6 19. dxe6 Qxb2 20. Nd5 fxe6 21.
Qxe6+ Kg7 22. Rb1 Bf7 23. Qg4 Qxb1 24. Rxb1 Rxd5 25. Be4 Rc5 26. h4 Re8 27. Bd3
Rd8 28. Qe4 b6 29. Rb5 Nb7 30. Qxb7 Rxd3 31. Rxc5 bxc5 32. Qc7 Rd5 33. Kh2 a6
34. a4 Rf5 35. Qc6 c4 36. Qxa6 Bb2 37. Qb6 c3 38. Nd4 Rd5 39. a5 Ba3 40. Qb3
Bd6+ 41. g3 Rxd4 42. Qxc3 Be5 43. Qe3 Bf6 1/2-1/2

[Event "4NCL Division 1d"]
[Site "Hinckley Island ENG"]
[Date "2015.05.04"]
[Round "11.162"]
[White "Knott, Simon"]
[Black "Cooper, John G"]
[Result "1-0"]
[WhiteElo "2309"]
[BlackElo "2326"]
[PlyCount "71"]
[EventDate "2015.05.04"]
[WhiteTeam "Barbican 4NCL 2"]
[BlackTeam "South Wales Dragons"]

1. Nf3 c5 2. c4 e6 3. g3 d5 4. cxd5 exd5 5. d4 Nf6 6. Bg2 Be7 7. O-O O-O 8. Nc3
Nc6 9. Bg5 cxd4 10. Nxd4 h6 11. Be3 Re8 12. Rc1 Bg4 13. h3 Be6 14. a3 Rc8 15.
Nxe6 fxe6 16. f4 Na5 17. Bf2 Nc4 18. b3 Nd6 19. Qd3 Kh8 20. g4 Qa5 21. Nb1 Nfe4
22. Bd4 Bf6 23. e3 Rxc1 24. Rxc1 e5 25. fxe5 Bxe5 26. Bxe5 Rxe5 27. Qd4 Re8 28.
b4 Qd8 29. Qxd5 Qh4 30. Rf1 Qg3 31. Qd4 Ng5 32. Nd2 Rxe3 33. Nc4 Re2 34. Qd5
Nxc4 35. Rf8+ Kh7 36. Qf5+ 1-0

[Event "4NCL Division 1d"]
[Site "Hinckley Island ENG"]
[Date "2015.05.04"]
[Round "11.163"]
[White "Chow, Sam"]
[Black "O'Donnell, Conor"]
[Result "1-0"]
[WhiteElo "2287"]
[BlackElo "2185"]
[PlyCount "91"]
[EventDate "2015.05.04"]
[WhiteTeam "South Wales Dragons"]
[BlackTeam "Barbican 4NCL 2"]

1. d4 Nf6 2. c4 c6 3. Nf3 d5 4. Qc2 dxc4 5. Qxc4 Bg4 6. Nbd2 Nbd7 7. g3 e6 8.
Bg2 Be7 9. O-O O-O 10. e3 Qc7 11. b3 Rac8 12. Bb2 b5 13. Qe2 Qb6 14. h3 Bh5 15.
g4 Bg6 16. Nh4 Nd5 17. Nxg6 hxg6 18. a3 g5 19. Ne4 f5 20. gxf5 exf5 21. Nc3
N7f6 22. b4 a5 23. bxa5 Qxa5 24. Qc2 g6 25. e4 Nf4 26. exf5 gxf5 27. Qxf5 N6d5
28. Nxd5 Rxf5 29. Nxe7+ Kf8 30. Nxf5 Qd2 31. Bc1 Qd3 32. Ng3 Nxg2 33. Kxg2 Qxd4
34. Be3 Qd5+ 35. Kh2 c5 36. Rad1 Qb3 37. Rfe1 Qxa3 38. Bxg5 Qf3 39. Kg1 c4 40.
Rd7 c3 41. Bh6+ Kg8 42. Ree7 Qc6 43. Rg7+ Kf8 44. Rh7+ Qxh6 45. Rxh6 Kg8 46.
Nf5 1-0

[Event "4NCL Division 1d"]
[Site "Hinckley Island ENG"]
[Date "2015.05.04"]
[Round "11.164"]
[White "Twyble, Michael"]
[Black "Redmond, John P"]
[Result "1-0"]
[WhiteElo "2261"]
[BlackElo "2212"]
[PlyCount "87"]
[EventDate "2015.05.04"]
[WhiteTeam "Barbican 4NCL 2"]
[BlackTeam "South Wales Dragons"]

1. c4 Nf6 2. Nc3 e6 3. d4 Bb4 4. e3 b6 5. Nge2 c5 6. a3 Ba5 7. Rb1 Na6 8. g3
Bb7 9. d5 b5 10. Bg2 bxc4 11. O-O O-O 12. e4 exd5 13. e5 Ng4 14. Bxd5 Bxd5 15.
Qxd5 Qe7 16. Qxc4 Qe6 17. Qxe6 dxe6 18. f4 c4 19. h3 Bb6+ 20. Kg2 Ne3+ 21. Bxe3
Bxe3 22. Rfd1 Rfc8 23. Kf3 Bb6 24. Ne4 Rc6 25. Rbc1 Rb8 26. b4 Nc7 27. Rd6 Rxd6
28. Nxd6 Nd5 29. Rxc4 f6 30. exf6 gxf6 31. Rc8+ Rxc8 32. Nxc8 Kf7 33. Nxb6 Nxb6
34. Ke4 Nc4 35. a4 Ke7 36. Kd4 Nb2 37. Nc3 e5+ 38. fxe5 fxe5+ 39. Kd5 Kf6 40.
b5 Kf5 41. a5 Nd3 42. a6 h5 43. b6 Nb4+ 44. Kd6 1-0

[Event "4NCL Division 1d"]
[Site "Hinckley Island ENG"]
[Date "2015.05.04"]
[Round "11.165"]
[White "Zeidler, Sven P"]
[Black "Sands, David"]
[Result "0-1"]
[WhiteElo "2229"]
[BlackElo "2185"]
[PlyCount "64"]
[EventDate "2015.05.04"]
[WhiteTeam "South Wales Dragons"]
[BlackTeam "Barbican 4NCL 2"]

1. e4 e6 2. d4 d5 3. exd5 exd5 4. Nf3 c6 5. c4 Nf6 6. Nc3 Be7 7. cxd5 Nxd5 8.
Bc4 Nb6 9. Bb3 O-O 10. h3 Na6 11. O-O Be6 12. Bxe6 fxe6 13. Qe2 Nc7 14. Ne4
Nbd5 15. Nc5 Bxc5 16. dxc5 Qe7 17. Qc2 Rf5 18. a3 Raf8 19. b4 Rxf3 20. gxf3
Rxf3 21. Kg2 Rf5 22. f4 Qf6 23. Rb1 e5 24. Rb3 Nxf4+ 25. Bxf4 exf4 26. Qe4 h6
27. Rbf3 Ne6 28. Re1 Ng5 29. Qe8+ Kh7 30. Rf2 Qc3 31. Re3 fxe3 32. Rxf5 Qc2+
0-1

[Event "4NCL Division 1d"]
[Site "Hinckley Island ENG"]
[Date "2015.05.04"]
[Round "11.166"]
[White "Coleman, David"]
[Black "James, David J"]
[Result "1-0"]
[WhiteElo "2226"]
[BlackElo "2152"]
[PlyCount "69"]
[EventDate "2015.05.04"]
[WhiteTeam "Barbican 4NCL 2"]
[BlackTeam "South Wales Dragons"]

1. e4 c5 2. Nf3 d6 3. d4 cxd4 4. Nxd4 Nf6 5. Nc3 a6 6. Bg5 e6 7. f4 Be7 8. Qf3
Qc7 9. O-O-O Nbd7 10. Bd3 h6 11. Bh4 g5 12. fxg5 Ne5 13. Qe2 Nfg4 14. Nf3 hxg5
15. Bg3 Nxf3 16. gxf3 Ne5 17. h4 gxh4 18. Bh2 Bd7 19. Kb1 Bc6 20. f4 Nxd3 21.
cxd3 Qd7 22. Rhe1 b5 23. Qe3 Qa7 24. Qd2 Qb7 25. Rc1 b4 26. Nd1 Kd7 27. Ne3 a5
28. Nc4 Bb5 29. f5 Bxc4 30. dxc4 Kc6 31. fxe6 fxe6 32. e5 dxe5 33. Rxe5 Qd7 34.
Qe3 Kb7 35. Qe4+ 1-0

[Event "4NCL Division 1d"]
[Site "Hinckley Island ENG"]
[Date "2015.05.04"]
[Round "11.167"]
[White "Morris, Charles F"]
[Black "Bhatia, Kanwal"]
[Result "1-0"]
[WhiteElo "2149"]
[BlackElo "2053"]
[PlyCount "83"]
[EventDate "2015.05.04"]
[WhiteTeam "South Wales Dragons"]
[BlackTeam "Barbican 4NCL 2"]

1. c4 e5 2. g3 Nc6 3. Nc3 Bc5 4. Bg2 d6 5. e3 a6 6. Nge2 Nge7 7. O-O Ba7 8. d4
O-O 9. b3 exd4 10. Nxd4 Ne5 11. h3 Re8 12. Kh2 Rb8 13. Bb2 Kh8 14. Qd2 Ng8 15.
f4 Ng6 16. Rae1 Nf6 17. e4 Bd7 18. Nf3 b5 19. e5 Nh5 20. Ng5 Kg8 21. Bf3 Nxg3
22. Kxg3 h6 23. e6 fxe6 24. Bh5 hxg5 25. Bxg6 Rf8 26. fxg5 bxc4 27. h4 Rxf1 28.
Rxf1 Be8 29. Bc2 d5 30. Ba3 c5 31. Qf4 Bh5 32. g6 Rb7 33. Kg2 d4 34. Be4 Rc7
35. Na4 d3 36. Nxc5 d2 37. Nxe6 Qf6 38. Qxf6 gxf6 39. Nxc7 c3 40. Bc2 Bd4 41.
Ne6 Be5 42. Bc5 1-0

[Event "4NCL Division 1d"]
[Site "Hinckley Island ENG"]
[Date "2015.05.04"]
[Round "11.168"]
[White "Regan, Natasha"]
[Black "Wilson, Julie C"]
[Result "1-0"]
[WhiteElo "2056"]
[BlackElo "1888"]
[PlyCount "69"]
[EventDate "2015.05.04"]
[WhiteTeam "Barbican 4NCL 2"]
[BlackTeam "South Wales Dragons"]

1. Nf3 Nf6 2. c4 e6 3. g3 b6 4. Bg2 Bb7 5. O-O Be7 6. b3 O-O 7. Bb2 d5 8. e3
Nbd7 9. Qe2 Re8 10. d4 Ne4 11. Nc3 Ndf6 12. Nd2 Nxd2 13. Qxd2 Rb8 14. Rac1 dxc4
15. Bxb7 Rxb7 16. bxc4 c5 17. d5 Rd7 18. e4 exd5 19. cxd5 Ng4 20. Qe2 f5 21.
exf5 Nf6 22. Rcd1 Bd6 23. Qc4 Be5 24. Rd3 Kh8 25. Rfd1 Bd4 26. Na4 Bxb2 27.
Nxb2 Re5 28. d6 Rxf5 29. Qe6 Rg5 30. Nc4 Qg8 31. Re1 b5 32. Qxg8+ Kxg8 33. Ne5
Rd8 34. f4 Rf5 35. Nc6 1-0

[Event "4NCL Division 1d"]
[Site "Hinckley Island ENG"]
[Date "2015.05.04"]
[Round "11.171"]
[White "Merry, Alan"]
[Black "Fernandez, Daniel H"]
[Result "1-0"]
[WhiteElo "2395"]
[BlackElo "2456"]
[PlyCount "47"]
[EventDate "2015.05.04"]
[WhiteTeam "The AD's"]
[BlackTeam "e2e4.org.uk 1"]

1. e4 c6 2. d4 d5 3. Nd2 dxe4 4. Nxe4 Nd7 5. Ng5 Ngf6 6. Bd3 e6 7. N1f3 Bd6 8.
Qe2 h6 9. Ne4 Nxe4 10. Qxe4 Qc7 11. O-O b6 12. Qg4 g5 13. Qh3 Rg8 14. Re1 Bb7
15. Rxe6+ fxe6 16. Qxe6+ Kf8 17. Qxh6+ Rg7 18. Bxg5 b5 19. Re1 c5 20. Nh4 Kg8
21. Qe6+ Rf7 22. Bh7+ Kg7 23. Qh6+ Kh8 24. Ng6# 1-0

[Event "4NCL Division 1d"]
[Site "Hinckley Island ENG"]
[Date "2015.05.04"]
[Round "11.172"]
[White "Conquest, Stuart C"]
[Black "Richardson, John R"]
[Result "1-0"]
[WhiteElo "2496"]
[BlackElo "2342"]
[PlyCount "89"]
[EventDate "2015.05.04"]
[WhiteTeam "e2e4.org.uk 1"]
[BlackTeam "The AD's"]

1. e4 c6 2. Nc3 d5 3. Nf3 Bg4 4. h3 Bxf3 5. Qxf3 Nf6 6. d3 e6 7. Be2 Nbd7 8. g4
Bb4 9. a3 Bxc3+ 10. bxc3 Qa5 11. O-O Qxc3 12. Rb1 dxe4 13. dxe4 Qxf3 14. Bxf3
b6 15. g5 Ng8 16. Bb2 Ne7 17. Rbd1 O-O-O 18. Kh2 Rhg8 19. Rd6 Kc7 20. Rd2 Ng6
21. Rfd1 h6 22. Bh5 hxg5 23. Bxg6 fxg6 24. f3 Rgf8 25. Kg2 Rf7 26. Be5+ Kc8 27.
Rd6 c5 28. Rc6+ Kb7 29. Rc7+ Ka6 30. Bg3 Kb5 31. Rxa7 e5 32. Rc7 Re7 33. Rd3
Rf7 34. Be1 Re7 35. Bd2 Ra8 36. Bxg5 Rf7 37. Kg3 Kc4 38. h4 b5 39. Bc1 Rd8 40.
Bb2 b4 41. axb4 Kxb4 42. Rb7+ Kc4 43. Rc3+ Kd4 44. Ra3+ Kc4 45. Ra4# 1-0

[Event "4NCL Division 1d"]
[Site "Hinckley Island ENG"]
[Date "2015.05.04"]
[Round "11.173"]
[White "Snape, Ian L"]
[Black "Longson, Alexander"]
[Result "0-1"]
[WhiteElo "2192"]
[BlackElo "2332"]
[PlyCount "84"]
[EventDate "2015.05.04"]
[WhiteTeam "The AD's"]
[BlackTeam "e2e4.org.uk 1"]

1. e4 c6 2. c4 d5 3. cxd5 cxd5 4. exd5 Nf6 5. Qa4+ Nbd7 6. Nc3 g6 7. Nf3 Bg7 8.
Bc4 a6 9. d3 O-O 10. Qa3 b6 11. O-O Bb7 12. Re1 Re8 13. Qb4 b5 14. Bb3 Nb6 15.
Qh4 Nbxd5 16. Ne5 Qd6 17. Bh6 Rac8 18. Re3 Rf8 19. Bxg7 Kxg7 20. Nxd5 Bxd5 21.
d4 Bxb3 22. axb3 Rc2 23. Rh3 h5 24. Rc3 Rxb2 25. h3 Rd8 26. Rd1 Qd5 27. Nd3
Rxb3 28. Nf4 Rxc3 29. Nxd5 Rxd5 30. f4 b4 31. Qe1 e6 32. Qe2 a5 33. Ra1 h4 34.
Kh2 Nh5 35. Qg4 b3 36. Qxh4 b2 37. Rb1 Rc2 38. Qe7 Nxf4 39. Qa3 Rxg2+ 40. Kh1
Rh5 41. Rxb2 Rgg5 42. Rb3 Nxh3 0-1

[Event "4NCL Division 1d"]
[Site "Hinckley Island ENG"]
[Date "2015.05.04"]
[Round "11.174"]
[White "Jackson, James P"]
[Black "Wheeler, Darren P"]
[Result "1-0"]
[WhiteElo "2311"]
[BlackElo "2245"]
[PlyCount "67"]
[EventDate "2015.05.04"]
[WhiteTeam "e2e4.org.uk 1"]
[BlackTeam "The AD's"]

1. e4 e6 2. d4 d5 3. Nc3 Bb4 4. e5 c5 5. a3 Bxc3+ 6. bxc3 Ne7 7. Nf3 Bd7 8. h4
Ba4 9. h5 h6 10. Bd3 Qc7 11. O-O Nbc6 12. Re1 Na5 13. Rb1 Nc4 14. dxc5 Qxc5 15.
Bxc4 Qxc4 16. Rxb7 Qxc3 17. Bd2 Qc8 18. Rxe7+ Kxe7 19. Bb4+ Kd7 20. Nd4 Qc4 21.
Re3 Rac8 22. Qg4 Rhg8 23. Rf3 Kc7 24. Rc3 Qxc3 25. Bxc3 Kb7 26. Bb4 Rc4 27. c3
Kb6 28. Qf4 Rc7 29. Bd6 Rb7 30. Qe3 Ka5 31. c4 Rc8 32. c5 Bb5 33. Qc3+ Ka6 34.
Nb3 1-0

[Event "4NCL Division 1d"]
[Site "Hinckley Island ENG"]
[Date "2015.05.04"]
[Round "11.175"]
[White "Besedin, Pavel"]
[Black "Sowray, Peter J"]
[Result "0-1"]
[WhiteElo "2260"]
[BlackElo "2313"]
[PlyCount "52"]
[EventDate "2015.05.04"]
[WhiteTeam "The AD's"]
[BlackTeam "e2e4.org.uk 1"]

1. e4 e5 2. Nf3 Nc6 3. Bb5 a6 4. Bxc6 dxc6 5. O-O Bg4 6. d3 Bd6 7. Nbd2 Qf6 8.
Re1 Ne7 9. c3 O-O-O 10. a4 Ng6 11. b4 Nf4 12. Nc4 h5 13. d4 h4 14. Re3 Qg6 15.
Qf1 exd4 16. cxd4 h3 17. g3 Ng2 18. Nce5 Nxe3 19. Nxg6 Nxf1 20. Nxh8 Rxh8 21.
Ng5 Bxb4 22. Nxf7 Rf8 23. Ne5 Nxh2 24. Kxh2 Rxf2+ 25. Kg1 Rg2+ 26. Kh1 Be6 0-1

[Event "4NCL Division 1d"]
[Site "Hinckley Island ENG"]
[Date "2015.05.04"]
[Round "11.176"]
[White "Rudd, Jack"]
[Black "Anderton, David W"]
[Result "1-0"]
[WhiteElo "2251"]
[BlackElo "2177"]
[PlyCount "77"]
[EventDate "2015.05.04"]
[WhiteTeam "e2e4.org.uk 1"]
[BlackTeam "The AD's"]

1. e4 e6 2. d4 d5 3. Nd2 Nc6 4. Ngf3 Nf6 5. e5 Nd7 6. c4 dxc4 7. Nxc4 Nb6 8. a3
Be7 9. Nxb6 axb6 10. Bd3 Nb4 11. Be4 Nd5 12. Qc2 h6 13. Bd2 Bd7 14. O-O Bc6 15.
Rae1 O-O 16. Qc1 f5 17. exf6 Rxf6 18. Ne5 Bb5 19. Bb1 Bxf1 20. Qc2 Rf5 21. Rxf1
h5 22. Qd1 Qf8 23. Qe2 Bd6 24. Nf3 Rxf3 25. gxf3 Qf6 26. Re1 Kf7 27. Qe4 Rh8
28. Kh1 g6 29. Bd3 Qf5 30. Rg1 Rg8 31. Rg5 Qxe4 32. fxe4 Nf4 33. Bf1 Kf6 34. h4
e5 35. Bxf4 exf4 36. e5+ Kg7 37. exd6 cxd6 38. Bd3 Kf6 39. Kg2 1-0

[Event "4NCL Division 1d"]
[Site "Hinckley Island ENG"]
[Date "2015.05.04"]
[Round "11.177"]
[White "Swindells, Jonathan E"]
[Black "Mladenov, Iliyan D"]
[Result "1-0"]
[WhiteElo "2155"]
[BlackElo "2246"]
[PlyCount "69"]
[EventDate "2015.05.04"]
[WhiteTeam "The AD's"]
[BlackTeam "e2e4.org.uk 1"]

1. e4 c5 2. Nc3 Nc6 3. f4 g6 4. Nf3 Bg7 5. Bc4 e6 6. e5 d5 7. exd6 Qxd6 8. Ne4
Qe7 9. O-O Nh6 10. d3 O-O 11. Ne5 Na5 12. Be3 b6 13. Bb5 Bb7 14. Qe1 Nf5 15.
Bf2 a6 16. Ba4 Qc7 17. b4 cxb4 18. Nd7 b5 19. Nxf8 bxa4 20. Nxh7 Kxh7 21. Qxb4
Nc6 22. Qxa4 Ncd4 23. Rae1 Qxc2 24. Ng5+ Kg8 25. Qd7 Qc6 26. Qxf7+ Kh8 27. Ne4
e5 28. Rb1 Bc8 29. fxe5 Nh6 30. Qe7 Ne2+ 31. Kh1 Qe6 32. Qd8+ Qg8 33. Qh4 Bf5
34. Nf6 Bxf6 35. Qxh6+ 1-0

[Event "4NCL Division 1d"]
[Site "Hinckley Island ENG"]
[Date "2015.05.04"]
[Round "11.178"]
[White "Norinkeviciute, Rasa"]
[Black "Bellin, Jana M"]
[Result "0-1"]
[WhiteElo "2024"]
[BlackElo "2065"]
[PlyCount "64"]
[EventDate "2015.05.04"]
[WhiteTeam "e2e4.org.uk 1"]
[BlackTeam "The AD's"]

1. c4 Nf6 2. g3 g6 3. Bg2 Bg7 4. Nc3 d6 5. e4 O-O 6. d3 c5 7. Nf3 Nc6 8. a3 h6
9. Rb1 a5 10. O-O Rb8 11. Ne1 Bg4 12. f3 Bd7 13. Nc2 Ne8 14. Bd2 Nc7 15. Kh1 b5
16. cxb5 Nxb5 17. Nxb5 Rxb5 18. Qc1 Kh7 19. Bc3 Bxc3 20. bxc3 Qb6 21. c4 Rxb1
22. Qxb1 Rb8 23. Qd1 Qb3 24. f4 Qc3 25. Ne3 Rb3 26. f5 Ne5 27. fxg6+ fxg6 28.
Nd5 Qxd3 29. Qe1 Bg4 30. Qxa5 Rb1 31. Re1 Nxc4 32. Nf4 Qc2 0-1

[Event "4NCL Division 1d"]
[Site "Hinckley Island ENG"]
[Date "2015.05.04"]
[Round "11.181"]
[White "Pitcher, John"]
[Black "Fodor, Tamas Jr"]
[Result "0-1"]
[WhiteElo "2256"]
[BlackElo "2492"]
[PlyCount "88"]
[EventDate "2015.05.04"]
[WhiteTeam "Warwickshire Select 1"]
[BlackTeam "Hackney 1"]

1. e4 e6 2. d3 d5 3. Nd2 Nf6 4. Ngf3 c5 5. g3 Nc6 6. Bg2 Be7 7. O-O Qc7 8. Re1
O-O 9. e5 Nd7 10. Qe2 b5 11. Nf1 a5 12. h4 Ba6 13. Bf4 b4 14. Ne3 Qa7 15. b3 a4
16. Ng4 Bb5 17. Bg5 axb3 18. axb3 Qxa1 19. Rxa1 Rxa1+ 20. Kh2 Rc8 21. Bxe7 Nxe7
22. h5 h6 23. Qd2 Nf5 24. d4 Bf1 25. Bxf1 Rxf1 26. Qd3 Ra1 27. Qb5 Ra7 28. dxc5
Rxc5 29. Qxb4 Rxc2 30. Ne1 Re2 31. Qc3 Kh7 32. Nd3 Re4 33. f3 Re2+ 34. Kh3 d4
35. Qc6 Ra1 36. Ngf2 Nxe5 37. Nxe5 Rxf2 38. Nxf7 Rg1 39. Kg4 Rxg3+ 40. Kf4 Rh3
41. Ne5 Rxh5 42. Qxe6 Nh4 43. Kg3 Rg2+ 44. Kf4 Ng6+ 0-1

[Event "4NCL Division 1d"]
[Site "Hinckley Island ENG"]
[Date "2015.05.04"]
[Round "11.182"]
[White "Suarez Garcia, Carlos"]
[Black "Thomas, Nick"]
[Result "1-0"]
[WhiteElo "2385"]
[BlackElo "2261"]
[PlyCount "57"]
[EventDate "2015.05.04"]
[WhiteTeam "Hackney 1"]
[BlackTeam "Warwickshire Select 1"]

1. d4 e6 2. c4 Nf6 3. g3 Bb4+ 4. Nd2 Nc6 5. Ngf3 d5 6. Bg2 dxc4 7. O-O Bxd2 8.
Bxd2 O-O 9. Qc2 Nxd4 10. Nxd4 Qxd4 11. Bb4 Re8 12. Rfd1 Qb6 13. Qxc4 Bd7 14.
Bc5 Bb5 15. Qc2 Qa6 16. a4 Bxe2 17. Rd2 Bc4 18. Rc1 b5 19. Bxa8 Rxa8 20. Bd4 c6
21. Bxf6 gxf6 22. Qc3 f5 23. axb5 cxb5 24. Qf6 Qb7 25. Rd8+ Rxd8 26. Qxd8+ Kg7
27. b3 Be2 28. Rc7 Qa6 29. Qg5+ 1-0

[Event "4NCL Division 1d"]
[Site "Hinckley Island ENG"]
[Date "2015.05.04"]
[Round "11.183"]
[White "Lawton, Geoff"]
[Black "Lyell, Mark"]
[Result "1/2-1/2"]
[WhiteElo "2252"]
[BlackElo "2312"]
[PlyCount "51"]
[EventDate "2015.05.04"]
[WhiteTeam "Warwickshire Select 1"]
[BlackTeam "Hackney 1"]

1. e4 c6 2. d4 d5 3. Nc3 g6 4. h3 Bg7 5. Nf3 Nf6 6. Bd3 dxe4 7. Nxe4 Nxe4 8.
Bxe4 Bf5 9. Bxf5 Qa5+ 10. c3 Qxf5 11. O-O Nd7 12. Re1 e6 13. c4 O-O-O 14. d5
Ne5 15. Nxe5 Bxe5 16. Qe2 Bb8 17. dxc6 bxc6 18. Be3 Rd7 19. b4 Rhd8 20. b5 cxb5
21. cxb5 Kb7 22. a4 Qd3 23. Qf3+ Qd5 24. Qe2 Qd3 25. Qf3+ Qd5 26. Qe2 1/2-1/2